000
00341nam a2200145Ia 4500
008
191201s2005 xx 000 0 und d
082
_a
510
_b
SAI
100
_a
SASTRY, S S
245
0
_a
Introductory Methods of Numerical Analysis
250
_a
4th
260
_a
N.Delhi
_b
PHI
_c
2005
300
_a
440
650
_a
Applied
942
_2
ddc
_c
BK
999
_c
1902
_d
1902